| 000 | 00485 a2200145 4500 | ||
|---|---|---|---|
| 999 |
_c6482 _d6482 |
||
| 020 | _a9789251070178 | ||
| 050 | _aQH91.75GOV 2011 | ||
| 100 |
_aJean-Yves Weigel _eeditor |
||
| 245 |
_aGovernance of Marine Protected Areas in the least-developed Countries: _bcase studies from West Africa _cWeigel Jean-Yves, Feral Francois and Cazalet Bertrand |
||
| 264 |
_aItaly: _bFAO _c2011 |
||
| 300 | _a77p. | ||
| 500 | _aIncludes reference | ||
| 650 | _aGovernance | ||
| 942 |
_2lcc _cBK _h91.5 _iGOV _kQH |
||